Normal view
MARC view
- Models (Persons)
Entry Topical Term
001 - CONTROL NUMBER
- control field: 27988
003 - CONTROL NUMBER IDENTIFIER
- control field: NUST
005 - DATE AND TIME OF LATEST TRANSACTION
- control field: 20200124161511.0
008 - FIXED-LENGTH DATA ELEMENTS
- fixed length control field: 200124|| aca||aabn | a|a d
040 ## - CATALOGING SOURCE
- Original cataloging agency: NUST
- Transcribing agency: NUST
150 ## - HEADING--TOPICAL TERM
- Topical term or geographic name entry element: Models (Persons)
670 ## - SOURCE DATA FOUND
- Source citation: Work cat.: (NUST): Robb, J. D., 1950- 11420, Immortal in death /, 2008.
